[Event "II. CLANSKA LIGA ZAHOD 2024"]
[Site "Komenda"]
[Date "2024.11.16"]
[Round "2.1"]
[White "Leonardi, Caterina"]
[Black "Vodnik, Val"]
[Result "1/2-1/2"]
[WhiteElo "1995"]
[BlackElo "1793"]
[PlyCount "60"]
[EventDate "2024.11.15"]
[WhiteTeam "SK KOMENDA"]
[BlackTeam "SD VRHNIKA"]

1. Nf3 d5 2. g3 Nf6 3. Bg2 Bf5 4. O-O Nbd7 5. d4 g6 6. c4 c6 7. Nc3 Bg7 8. Qb3
Qb6 9. Nd2 e6 10. e4 dxe4 11. Ndxe4 Nxe4 12. Nxe4 Bxe4 13. Bxe4 Qxb3 14. axb3
Bxd4 15. Rd1 Bg7 16. b4 Ke7 17. b5 Nc5 18. Bf3 Nb3 19. Bg5+ f6 20. Ra3 fxg5 21.
Rxb3 Rab8 22. Ra3 cxb5 23. cxb5 Rhf8 24. Be4 Bxb2 25. Rxa7 e5 26. Rxb7+ Rxb7
27. Bxb7 Bd4 28. Rd2 Ke6 29. Rc2 Rb8 30. Bc6 Rf8 1/2-1/2

[Event "II. CLANSKA LIGA ZAHOD 2024"]
[Site "Komenda"]
[Date "2024.11.16"]
[Round "2.1"]
[White "Novakovic, Gosto"]
[Black "Redek, Leon"]
[Result "1-0"]
[WhiteElo "1789"]
[BlackElo "1731"]
[PlyCount "47"]
[EventDate "2024.11.15"]
[WhiteTeam "SK KOMENDA"]
[BlackTeam "SD VRHNIKA"]

1. e4 e5 2. Nf3 Nf6 3. Nc3 Nc6 4. d4 exd4 5. Nxd4 Nxd4 6. Qxd4 d6 7. Bg5 Be7 8.
O-O-O h6 9. Bh4 O-O 10. Bc4 a6 11. e5 dxe5 12. Qxe5 Bd6 13. Bxf6 Qxf6 14. Qxf6
gxf6 15. g3 Bg4 16. Rd4 Bf3 17. Re1 Rae8 18. Rxe8 Rxe8 19. Rd3 Bc6 20. Kd2 Kg7
21. Nd5 b5 22. Bb3 Bd7 23. Nxc7 Bxc7 24. Rxd7 1-0

[Event "II. CLANSKA LIGA ZAHOD 2024"]
[Site "Komenda"]
[Date "2024.11.16"]
[Round "2.1"]
[White "Markovic, Jelena"]
[Black "Debeljak, Jaka"]
[Result "0-1"]
[WhiteElo "1779"]
[BlackElo "1817"]
[PlyCount "50"]
[EventDate "2024.11.15"]
[WhiteTeam "SD VRHNIKA"]
[BlackTeam "SK KOMENDA"]

1. d4 d5 2. Nf3 Nf6 3. e3 c6 4. Bd3 Bg4 5. O-O Nbd7 6. c4 e5 7. h3 Bxf3 8. gxf3
e4 9. fxe4 dxe4 10. Be2 Bd6 11. f4 g5 12. Rf2 gxf4 13. exf4 Rg8+ 14. Rg2 Rxg2+
15. Kxg2 Qc7 16. Qf1 O-O-O 17. c5 Be7 18. Nc3 Rg8+ 19. Kf2 Nd5 20. Nxd5 Bh4+
21. Ke3 cxd5 22. Bg4 h5 23. Bxh5 Rg3+ 24. Ke2 Qa5 25. Be3 Qb5+ 0-1

[Event "II. CLANSKA LIGA ZAHOD 2024"]
[Site "Komenda"]
[Date "2024.11.16"]
[Round "2.2"]
[White "Skoberne, Jure"]
[Black "Sajovic, Marko"]
[Result "1-0"]
[WhiteElo "2540"]
[BlackElo "2190"]
[PlyCount "101"]
[EventDate "2024.11.15"]
[WhiteTeam "SD POSOCJE"]
[BlackTeam "DRUSTVO TOMO ZUPAN"]

1. c4 e6 2. Nf3 d5 3. b3 Nf6 4. Bb2 c5 5. e3 Nc6 6. cxd5 exd5 7. Be2 Be7 8. O-O
O-O 9. d4 Bf5 10. Nc3 a6 11. Rc1 cxd4 12. Nxd4 Bg6 13. Na4 Nxd4 14. Qxd4 b5 15.
Nb6 Rb8 16. Rc6 Re8 17. Bf3 Be4 18. Bxe4 dxe4 19. Rfc1 h5 20. Nc8 a5 21. Qa7
Nd7 22. Rc7 Bc5 23. Rxd7 Bxa7 24. Rxd8 Rxd8 25. Nxa7 Rd2 26. Nc6 Rb6 27. Bc3
Rxa2 28. Nxa5 Rd6 29. Kf1 f6 30. b4 Kf7 31. Nb3 Rc6 32. Nd4 Rb6 33. Be1 g5 34.
h3 g4 35. Rc5 Kg6 36. Nxb5 Ra1 37. Ke2 Ra2+ 38. Bd2 Rb2 39. Rd5 Rb8 40. hxg4
hxg4 41. g3 Rb6 42. Kd1 Ra6 43. Nd6 Ra1+ 44. Ke2 Ra4 45. Rd4 f5 46. Nc4 Rc2 47.
Kd1 Rca2 48. b5 Ra8 49. Rd6+ Kg5 50. b6 Rb8 51. Rc6 1-0

[Event "II. CLANSKA LIGA ZAHOD 2024"]
[Site "Komenda"]
[Date "2024.11.16"]
[Round "2.2"]
[White "Demsar, Maks"]
[Black "Jovanovic, Zoran"]
[Result "0-1"]
[WhiteElo "1958"]
[BlackElo "2520"]
[PlyCount "86"]
[EventDate "2024.11.15"]
[WhiteTeam "DRUSTVO TOMO ZUPAN"]
[BlackTeam "SD POSOCJE"]

1. e4 d6 2. d4 Nf6 3. Nc3 e5 4. dxe5 dxe5 5. Qxd8+ Kxd8 6. Bg5 c6 7. Nf3 Nbd7
8. O-O-O Ke8 9. Bd3 Be7 10. a3 h6 11. Bh4 Nh5 12. Bxe7 Kxe7 13. g3 Nhf6 14. Rd2
Re8 15. Nh4 g6 16. Ng2 Nc5 17. f3 b5 18. Ne3 Be6 19. Rhd1 Red8 20. Bf1 Rxd2 21.
Rxd2 a5 22. Ncd1 h5 23. Nf2 h4 24. Bh3 hxg3 25. hxg3 Nh5 26. Nf1 Bc4 27. Ng4
Bxf1 28. Bxf1 Nxg3 29. Bh3 Rh8 30. Nf2 Nh1 31. Bg4 Nxf2 32. Rxf2 b4 33. axb4
axb4 34. Kd2 Rh1 35. b3 Nb7 36. Kd3 Nd6 37. f4 Kf6 38. Bd7 c5 39. Bc6 Rh3+ 40.
Kd2 exf4 41. Rxf4+ Ke5 42. Rf2 f6 43. Ke2 Rh4 0-1

[Event "II. CLANSKA LIGA ZAHOD 2024"]
[Site "Komenda"]
[Date "2024.11.16"]
[Round "2.2"]
[White "Srebrnic, Marko"]
[Black "Mlacnik, Franc"]
[Result "1/2-1/2"]
[WhiteElo "2343"]
[BlackElo "1963"]
[PlyCount "97"]
[EventDate "2024.11.15"]
[WhiteTeam "SD POSOCJE"]
[BlackTeam "DRUSTVO TOMO ZUPAN"]

1. e4 c5 2. Ne2 Nf6 3. Nbc3 d5 4. exd5 Nxd5 5. Nxd5 Qxd5 6. d4 e5 7. Nc3 Qxd4
8. Bb5+ Nc6 9. Qe2 Be7 10. Be3 Qg4 11. f3 Qe6 12. O-O-O O-O 13. Bc4 Qg6 14. Nd5
Bg5 15. h4 Bxe3+ 16. Qxe3 Be6 17. h5 Qh6 18. Qxh6 gxh6 19. Nf6+ Kg7 20. Bxe6
Kxf6 21. Bd5 Rad8 22. Be4 Rxd1+ 23. Rxd1 Rd8 24. Re1 Rg8 25. g4 Rd8 26. c3 Rd6
27. Kc2 b5 28. Bxh7 Ne7 29. Be4 Nd5 30. a3 a5 31. b3 b4 32. Bxd5 Rxd5 33. axb4
axb4 34. cxb4 cxb4 35. Re4 Rb5 36. Kd3 Ke6 37. Kc4 Rb8 38. f4 f6 39. Kc5 Rc8+
40. Kxb4 Rg8 41. fxe5 Kd5 42. Rc4 fxe5 43. Rc5+ Kd6 44. Rc4 Kd5 45. Kc3 e4 46.
Ra4 Rc8+ 47. Rc4 Rg8 48. Ra4 Rc8+ 49. Rc4 1/2-1/2

[Event "II. CLANSKA LIGA ZAHOD 2024"]
[Site "Komenda"]
[Date "2024.11.16"]
[Round "2.2"]
[White "Smirnov, Maksim"]
[Black "Biti, Ozren"]
[Result "0-1"]
[WhiteElo "1839"]
[BlackElo "2284"]
[PlyCount "62"]
[EventDate "2024.11.15"]
[WhiteTeam "DRUSTVO TOMO ZUPAN"]
[BlackTeam "SD POSOCJE"]

1. d4 d6 2. Nf3 g6 3. c3 Bg7 4. Bf4 Nd7 5. e3 e5 6. dxe5 dxe5 7. Bg3 Qe7 8. Bh4
f6 9. Bc4 Nh6 10. Nfd2 Nf5 11. Bg3 Nd6 12. Bd5 c6 13. Bb3 Nc5 14. Nc4 Nxc4 15.
Bxc4 b5 16. Bb3 Bf5 17. Qe2 Bd3 18. Qd1 O-O-O 19. Nd2 Kb7 20. Qf3 f5 21. h4 Bh6
22. Bh2 a5 23. O-O-O e4 24. Qg3 Be2 25. Bc2 f4 26. exf4 Nd3+ 27. Bxd3 Rxd3 28.
f3 Bxd1 29. Rxd1 Rhd8 30. Nxe4 Rxd1+ 31. Kc2 Bf8 0-1

[Event "II. CLANSKA LIGA ZAHOD 2024"]
[Site "Komenda"]
[Date "2024.11.16"]
[Round "2.2"]
[White "Beletic, Danijel"]
[Black "Planinsek, Bojan"]
[Result "1-0"]
[WhiteElo "2276"]
[BlackElo "1818"]
[PlyCount "53"]
[EventDate "2024.11.15"]
[WhiteTeam "SD POSOCJE"]
[BlackTeam "DRUSTVO TOMO ZUPAN"]

1. d4 d5 2. c4 e6 3. Nf3 Nf6 4. e3 b6 5. Nc3 Bb7 6. cxd5 Nxd5 7. Bb5+ Nd7 8.
Nxd5 Bxd5 9. Ne5 c6 10. Nxc6 Bxc6 11. Bxc6 Rc8 12. Bf3 Bd6 13. Bd2 O-O 14. O-O
Rc7 15. Qb3 Qe7 16. Rfc1 Rfc8 17. Rxc7 Rxc7 18. a3 Nf8 19. Bb4 Bxb4 20. axb4
Ng6 21. g3 Qd8 22. b5 Qc8 23. Kg2 Ne7 24. Ra4 Qb8 25. Qa3 Nc8 26. b3 Nd6 27.
Qxd6 1-0

[Event "II. CLANSKA LIGA ZAHOD 2024"]
[Site "Komenda"]
[Date "2024.11.16"]
[Round "2.2"]
[White "Rogelj, Tomaz"]
[Black "Hozjan, Erik"]
[Result "0-1"]
[WhiteElo "1554"]
[BlackElo "1926"]
[PlyCount "78"]
[EventDate "2024.11.15"]
[WhiteTeam "DRUSTVO TOMO ZUPAN"]
[BlackTeam "SD POSOCJE"]

1. e4 c5 2. Nf3 Nc6 3. d4 cxd4 4. Nxd4 Nf6 5. Nc3 e5 6. Nb3 Bb4 7. Bd3 d5 8.
exd5 Nxd5 9. Bd2 O-O 10. Nxd5 Qxd5 11. O-O Rd8 12. Qe2 Bxd2 13. Nxd2 Nb4 14.
Qe4 Qxe4 15. Nxe4 Nxd3 16. cxd3 f5 17. Nc5 b6 18. Nb3 Rxd3 19. Rfe1 Be6 20.
Rxe5 Bxb3 21. axb3 Rxb3 22. Re2 Rc8 23. g3 a5 24. Rd1 Rc7 25. Kg2 Kf7 26. Rd5
g6 27. h4 Re7 28. Rc2 b5 29. h5 a4 30. hxg6+ hxg6 31. Rd6 Re6 32. Rd7+ Kf6 33.
Kf1 Kg5 34. Rd5 Kg4 35. Rd4+ Re4 36. Rd6 Kf3 37. Rdc6 b4 38. Ra6 a3 39. bxa3
Rb1+ 0-1

[Event "II. CLANSKA LIGA ZAHOD 2024"]
[Site "Komenda"]
[Date "2024.11.16"]
[Round "2.3"]
[White "Buha, Drago"]
[Black "Zirkelbach, Maj"]
[Result "0-1"]
[WhiteElo "1957"]
[BlackElo "2261"]
[PlyCount "54"]
[EventDate "2024.11.15"]
[WhiteTeam "SD RADOVLJICA"]
[BlackTeam "SD KRKA NOVO MESTO"]

1. d4 Nf6 2. Bf4 e6 3. a3 d5 4. e3 c5 5. Nc3 a6 6. Be2 Nc6 7. h3 Qa5 8. Bf3 b5
9. dxc5 b4 10. axb4 Qxb4 11. Rb1 Bxc5 12. Qd2 Bb7 13. Nge2 e5 14. Bg5 e4 15.
Bg4 Nxg4 16. hxg4 Ne5 17. Nf4 Nc4 18. Qc1 f6 19. Ne6 fxg5 20. Nc7+ Kf7 21. Nxa8
Bxa8 22. O-O h5 23. gxh5 Rxh5 24. Qd1 Rh6 25. Nxd5 Qb8 26. g3 Qh8 27. f3 Nxe3
0-1

[Event "II. CLANSKA LIGA ZAHOD 2024"]
[Site "Komenda"]
[Date "2024.11.16"]
[Round "2.3"]
[White "Kastelic, Marjan"]
[Black "Prestrl, Jozef"]
[Result "1-0"]
[WhiteElo "2258"]
[BlackElo "1875"]
[PlyCount "65"]
[EventDate "2024.11.15"]
[WhiteTeam "SD KRKA NOVO MESTO"]
[BlackTeam "SD RADOVLJICA"]

1. d4 d5 2. Nf3 g6 3. c4 c6 4. Nc3 Nf6 5. h3 Bg7 6. g4 e6 7. Bf4 O-O 8. Bg2 b6
9. O-O Ba6 10. Ne5 Nfd7 11. cxd5 cxd5 12. Nf3 Nf6 13. Rc1 Qe7 14. Qa4 Qd7 15.
Qa3 Bb7 16. Ne5 Qd8 17. Nb5 Na6 18. Nd6 Qe7 19. Nc6 Bxc6 20. Rxc6 Nb8 21. Rc2
Rd8 22. Rfc1 h6 23. Rc7 Rd7 24. Rc8+ Kh7 25. Nb5 Qxa3 26. bxa3 a6 27. Nc7 Ra7
28. Rxb8 Ne4 29. Ne8 b5 30. Bxe4 dxe4 31. Be5 f6 32. Bxf6 Bxf6 33. Nxf6+ 1-0

[Event "II. CLANSKA LIGA ZAHOD 2024"]
[Site "Komenda"]
[Date "2024.11.16"]
[Round "2.3"]
[White "Krivec, Metod"]
[Black "Zupancic, Urban"]
[Result "0-1"]
[WhiteElo "1855"]
[BlackElo "2071"]
[PlyCount "88"]
[EventDate "2024.11.15"]
[WhiteTeam "SD RADOVLJICA"]
[BlackTeam "SD KRKA NOVO MESTO"]

1. d4 Nf6 2. c4 g6 3. Nc3 Bg7 4. e4 d6 5. Nf3 O-O 6. Be2 e5 7. d5 a5 8. O-O Na6
9. Ne1 Nc5 10. Qc2 Bd7 11. Bg5 h6 12. Bd2 Ne8 13. Nd3 f5 14. Nxc5 dxc5 15. exf5
gxf5 16. f3 Nd6 17. Rae1 Qh4 18. b3 b6 19. Be3 Rac8 20. Kh1 e4 21. f4 Kh7 22.
Rg1 Rg8 23. g3 Qe7 24. Rg2 Bd4 25. Qd2 Qf6 26. Nd1 a4 27. Reg1 axb3 28. axb3
Ra8 29. g4 fxg4 30. Bxg4 Bxg4 31. Rxg4 Rxg4 32. Rxg4 Ra1 33. Kg2 Nf5 34. Bf2
Bxf2 35. Kxf2 Qd4+ 36. Ke2 Rxd1 37. Qxd1 Qxd1+ 38. Kxd1 Ne3+ 39. Ke2 Nxg4 40.
f5 Nxh2 41. Ke3 Kg7 42. Kxe4 Kf6 43. d6 cxd6 44. Kd5 Nf3 0-1

[Event "II. CLANSKA LIGA ZAHOD 2024"]
[Site "Komenda"]
[Date "2024.11.16"]
[Round "2.3"]
[White "Rifelj, Luka"]
[Black "Torkar, Boris"]
[Result "1-0"]
[WhiteElo "1962"]
[BlackElo "1882"]
[PlyCount "77"]
[EventDate "2024.11.15"]
[WhiteTeam "SD KRKA NOVO MESTO"]
[BlackTeam "SD RADOVLJICA"]

1. d4 d5 2. Nf3 c6 3. c4 e6 4. Nc3 Nf6 5. Bg5 Be7 6. e3 O-O 7. Qc2 Nbd7 8. Bd3
h6 9. Bh4 Re8 10. O-O b6 11. Rac1 dxc4 12. Bxc4 Bb7 13. Rfd1 Rc8 14. Ne5 Nd5
15. Bg3 Bg5 16. Qe2 Qe7 17. f4 Bf6 18. Ne4 Red8 19. a3 g6 20. Nxf6+ Qxf6 21.
Ng4 Qg7 22. e4 Ne7 23. Bh4 g5 24. Nxh6+ Qxh6 25. Bxg5 Qf8 26. Qg4 Qg7 27. Qg3
Re8 28. Rc3 Ng6 29. f5 Ngf8 30. f6 Qg6 31. Qh4 Nh7 32. Rg3 Kh8 33. Bh6 Qxf6 34.
Bg5 Qg6 35. e5 Qc2 36. Rc1 Qxb2 37. Bd3 f5 38. exf6 Ndf8 39. f7 1-0

[Event "II. CLANSKA LIGA ZAHOD 2024"]
[Site "Komenda"]
[Date "2024.11.16"]
[Round "2.4"]
[White "Jocev, Milan"]
[Black "Sirnik, Bostjan"]
[Result "1-0"]
[WhiteElo "2246"]
[BlackElo "2184"]
[PlyCount "111"]
[EventDate "2024.11.15"]
[WhiteTeam "SK TRZIN"]
[BlackTeam "SK RIMEX ILIRSKA BISTRICA"]

1. d4 d5 2. Bf4 c6 3. e3 Bf5 4. Nf3 e6 5. Bd3 Bd6 6. Bxf5 exf5 7. O-O Nf6 8.
Nbd2 O-O 9. Bxd6 Qxd6 10. c4 Nbd7 11. Qb3 Rab8 12. Rac1 g6 13. cxd5 Nxd5 14.
Nc4 Qe7 15. Rfe1 N7f6 16. Nfe5 Nd7 17. a4 Nxe5 18. Nxe5 Rbd8 19. a5 Qb4 20. Qa3
a6 21. Nd3 Qd6 22. Nc5 Rb8 23. Rcd1 Nc7 24. b4 Nb5 25. Qb3 Rfd8 26. g3 Qe7 27.
Kg2 h5 28. h4 Nc7 29. e4 fxe4 30. Rxe4 Qf6 31. Rf4 Qg7 32. Re1 Nd5 33. Rfe4 Qf6
34. Re5 Qd6 35. Qf3 Rf8 36. R1e2 b6 37. Ne4 Qd8 38. axb6 Rxb6 39. Ng5 Qf6 40.
Qa3 Kg7 41. b5 Rd8 42. bxa6 Qd6 43. Qxd6 Rxd6 44. Ne4 Rd8 45. Nc5 Ra8 46. f4
Nc7 47. Re7 Nxa6 48. Ne6+ Kg8 49. Ng5 Rf8 50. Ra7 c5 51. Ree7 Rf6 52. Ne4 Rb6
53. dxc5 Rb2+ 54. Kh3 Nb4 55. Rab7 Nc6 56. Rxf7 1-0

[Event "II. CLANSKA LIGA ZAHOD 2024"]
[Site "Komenda"]
[Date "2024.11.16"]
[Round "2.4"]
[White "Sajn, Simon"]
[Black "Jacob, Tobias"]
[Result "0-1"]
[WhiteElo "2102"]
[BlackElo "2094"]
[PlyCount "142"]
[EventDate "2024.11.15"]
[WhiteTeam "SK RIMEX ILIRSKA BISTRICA"]
[BlackTeam "SK TRZIN"]

1. d4 d5 2. Bf4 Nf6 3. e3 c5 4. Nc3 a6 5. dxc5 Nc6 6. Nf3 Qa5 7. Be2 Ne4 8. O-O
Nxc3 9. bxc3 Qxc5 10. Qd3 e6 11. Nd4 Be7 12. Nxc6 Qxc6 13. c4 Qxc4 14. Qxc4
dxc4 15. Bxc4 b5 16. Bd3 Bb7 17. a4 b4 18. a5 g5 19. Be5 O-O 20. Rab1 Rfd8 21.
Rfd1 Rac8 22. Bd4 f6 23. f3 e5 24. Bb6 Rd6 25. Bf5 Re8 26. Rxd6 Bxd6 27. Rd1
Be7 28. Bd7 Ra8 29. Be6+ Kf8 30. Kf2 Bc6 31. Bc4 Ba4 32. Rd2 Ke8 33. Bd5 Rb8
34. Bc4 Ra8 35. g4 Bc6 36. e4 Bb7 37. Bg8 h6 38. Ke3 Rc8 39. Ke2 Rc3 40. Bb3
Bc6 41. Kf2 Bb5 42. Kg2 Bd7 43. Kf2 Bc5+ 44. Bxc5 Rxc5 45. Rd6 Rc6 46. Rd1 Ke7
47. h4 Be6 48. hxg5 hxg5 49. Ke3 Bxb3 50. cxb3 Rc3+ 51. Rd3 Rc5 52. Rd5 Rc3+
53. Rd3 Rc2 54. Rd1 Rb2 55. Rc1 Rxb3+ 56. Ke2 Rc3 57. Rh1 Rc5 58. Rh7+ Kd6 59.
Rb7 Rxa5 60. Rxb4 Rb5 61. Rc4 Rb7 62. Ra4 Ra7 63. Kd3 Kc5 64. Kc3 a5 65. Rc4+
Kb5 66. Rc8 Ra6 67. Kb3 a4+ 68. Ka3 Rd6 69. Rb8+ Kc4 70. Rb4+ Kd3 71. Rxa4 Ke3
0-1

[Event "II. CLANSKA LIGA ZAHOD 2024"]
[Site "Komenda"]
[Date "2024.11.16"]
[Round "2.4"]
[White "Krupenko, Peter"]
[Black "Raspor, Gregor"]
[Result "1/2-1/2"]
[WhiteElo "1923"]
[BlackElo "1978"]
[PlyCount "138"]
[EventDate "2024.11.15"]
[WhiteTeam "SK TRZIN"]
[BlackTeam "SK RIMEX ILIRSKA BISTRICA"]

1. c4 c5 2. Nc3 Nf6 3. Nf3 Nc6 4. g3 d5 5. cxd5 Nxd5 6. Bg2 Nc7 7. O-O e5 8. d3
Be7 9. a4 O-O 10. Nd2 Bd7 11. Nc4 f6 12. Be3 Rb8 13. a5 Nd4 14. Nd5 Nxd5 15.
Bxd5+ Kh8 16. Bg2 Bc6 17. f3 Bd5 18. Ra3 b5 19. axb6 axb6 20. Bf2 b5 21. Nd2 c4
22. Rc3 Bb4 23. dxc4 bxc4 24. Bxd4 exd4 25. Rc1 Rc8 26. Ne4 Qb6 27. Kh1 Rfd8
28. Bh3 Ra8 29. Ra1 Rab8 30. Qc1 Bf8 31. Rb1 Qc6 32. Bg2 f5 33. Nf2 Qe6 34. Nh3
Bd6 35. Qd2 Be5 36. Rfe1 Qc6 37. Nf4 Bf7 38. Qc2 Qf6 39. Bh3 g6 40. Bg2 Rbc8
41. Rec1 g5 42. Nh3 f4 43. gxf4 gxf4 44. Nf2 Bg6 45. Ne4 Qe6 46. Qa4 h6 47. Ra1
d3 48. Nc3 dxe2 49. Nxe2 Bxb2 50. Nxf4 Qf6 51. Nxg6+ Qxg6 52. Bh3 Rb8 53. Rg1
Qf6 54. Raf1 Bd4 55. Rg4 c3 56. Qc2 Rb2 57. Qe4 Rb6 58. Rf4 Qe5 59. Qxe5+ Bxe5
60. Rc4 Rb2 61. f4 Bf6 62. Rc6 Bg7 63. f5 Rdd2 64. f6 Rxh2+ 65. Kg1 Rxh3 66.
fxg7+ Kxg7 67. Rc7+ Kg6 68. Rc6+ Kg5 69. Rc5+ Kg6 1/2-1/2

[Event "II. CLANSKA LIGA ZAHOD 2024"]
[Site "Komenda"]
[Date "2024.11.16"]
[Round "2.4"]
[White "Rolih, Miran"]
[Black "Krumpak, Hinko"]
[Result "1/2-1/2"]
[WhiteElo "1938"]
[BlackElo "2002"]
[PlyCount "60"]
[EventDate "2024.11.15"]
[WhiteTeam "SK RIMEX ILIRSKA BISTRICA"]
[BlackTeam "SK TRZIN"]

1. e4 g6 2. d3 Bg7 3. g3 c5 4. Bg2 Nc6 5. Nf3 d6 6. O-O Bd7 7. h3 Nf6 8. Be3
O-O 9. c3 Rb8 10. Nbd2 b5 11. d4 cxd4 12. Nxd4 Ne5 13. b3 Qc8 14. f4 Nd3 15.
Qc2 Nc5 16. Kh2 e5 17. N4f3 Re8 18. Nh4 exf4 19. Bxf4 Qc7 20. g4 Bc6 21. Rae1
Nfd7 22. Nhf3 Ne6 23. Bg3 Ne5 24. Nxe5 dxe5 25. Nf3 Rbd8 26. Rd1 Bb7 27. Bh4
Rxd1 28. Rxd1 Rc8 29. Bg3 f6 30. Nd4 Nxd4 1/2-1/2

[Event "II. CLANSKA LIGA ZAHOD 2024"]
[Site "Komenda"]
[Date "2024.11.16"]
[Round "2.4"]
[White "Suhadolnik, Jernej"]
[Black "Bradac, Simon"]
[Result "0-1"]
[WhiteElo "1913"]
[BlackElo "1921"]
[PlyCount "72"]
[EventDate "2024.11.15"]
[WhiteTeam "SK TRZIN"]
[BlackTeam "SK RIMEX ILIRSKA BISTRICA"]

1. g4 d5 2. Bg2 Bxg4 3. c4 c6 4. Qb3 Qc8 5. cxd5 cxd5 6. Nc3 Nf6 7. Nxd5 Nc6 8.
d3 Nxd5 9. Qxd5 e6 10. Qg5 Bf5 11. Bd2 Qd7 12. Nf3 Rc8 13. O-O Bg6 14. Ne5 Nxe5
15. Qxe5 f6 16. Qa5 Bc5 17. Rac1 b6 18. Qa6 O-O 19. b4 Bd6 20. b5 Rc5 21. Bc6
Qc7 22. d4 Bxh2+ 23. Kg2 Rxc6 24. bxc6 Be4+ 25. Kh3 Bf4 26. Bxf4 Qxf4 27. Qb5
f5 28. f3 Rf6 29. Qe5 Rh6+ 30. Kg2 Qe3 31. c7 Qxe2+ 32. Rf2 Bxf3+ 33. Kg3 Rg6+
34. Kh3 Bg2+ 35. Kh2 Qh5+ 36. Kg1 Qh1# 0-1

[Event "II. CLANSKA LIGA ZAHOD 2024"]
[Site "Komenda"]
[Date "2024.11.16"]
[Round "2.4"]
[White "Delost, Josko"]
[Black "Leben, Dusan"]
[Result "1-0"]
[WhiteElo "1798"]
[BlackElo "1876"]
[Annotator "Franc,Poglajen"]
[PlyCount "22"]
[EventDate "2024.11.15"]
[WhiteTeam "SK RIMEX ILIRSKA BISTRICA"]
[BlackTeam "SK TRZIN"]

1. d4 Nf6 2. Nf3 e6 3. Bf4 d5 4. e3 Be7 5. c3 O-O 6. Bd3 c5 7. Nbd2 c4 8. Bc2
a5 9. O-O Nh5 10. Bxb8 Rxb8 11. Ne5 g6 {nejasno (60)} 1-0

[Event "II. CLANSKA LIGA ZAHOD 2024"]
[Site "Komenda"]
[Date "2024.11.16"]
[Round "2.5"]
[White "Skrbec, Leon"]
[Black "Mencinger, Vojko"]
[Result "1-0"]
[WhiteElo "2237"]
[BlackElo "2276"]
[PlyCount "105"]
[EventDate "2024.11.15"]
[WhiteTeam "SK POSTOJNA"]
[BlackTeam "SD GORENJKA LESCE"]

1. d4 d5 2. Nf3 c5 3. e3 Nc6 4. Be2 cxd4 5. exd4 Nf6 6. c3 Bf5 7. Bf4 e6 8. O-O
Bd6 9. Bxd6 Qxd6 10. Nbd2 O-O 11. Re1 h6 12. Bf1 a6 13. h3 Nd7 14. a3 Rac8 15.
Nb3 Bg6 16. Bd3 Bxd3 17. Qxd3 Rc7 18. Qe3 b5 19. Nc1 Na5 20. Nd3 Nc4 21. Qe2 a5
22. g3 Rfc8 23. Kg2 Re8 24. h4 Qb6 25. Rad1 Rec8 26. g4 Nf6 27. Nd2 Nxd2 28.
Rxd2 Ne4 29. Rdd1 Qd6 30. Rh1 g6 31. Rh3 Qe7 32. f3 Nd6 33. h5 g5 34. Rhh1 Nc4
35. Rhf1 Kh7 36. f4 Rg8 37. Rde1 gxf4 38. Rxf4 Qg5 39. Kh3 Rg7 40. Ref1 f5 41.
Nc5 fxg4+ 42. Kg2 Qxh5 43. Rh1 Qe8 44. Nxe6 Rce7 45. Qd3+ Rg6 46. Nf8+ Kg7 47.
Qxg6+ Qxg6 48. Nxg6 Ne3+ 49. Kf2 Kxg6 50. Re1 g3+ 51. Kxg3 Nf5+ 52. Kf2 Rf7 53.
Re5 1-0

[Event "II. CLANSKA LIGA ZAHOD 2024"]
[Site "Komenda"]
[Date "2024.11.16"]
[Round "2.5"]
[White "Petek, Primoz"]
[Black "Cepon, Dusan"]
[Result "0-1"]
[WhiteElo "2071"]
[BlackElo "2066"]
[PlyCount "118"]
[EventDate "2024.11.15"]
[WhiteTeam "SD GORENJKA LESCE"]
[BlackTeam "SK POSTOJNA"]

1. c4 Nf6 2. g3 e6 3. Bg2 d5 4. d4 Bb4+ 5. Bd2 Be7 6. Qc2 O-O 7. Nf3 dxc4 8.
Qxc4 Nbd7 9. O-O Nb6 10. Qc2 Bd7 11. Ne5 Bc8 12. e3 Nbd7 13. Ba5 Nb6 14. Nd2
Nfd5 15. Rac1 f6 16. Nd3 c6 17. Nc4 Qe8 18. e4 Nxc4 19. Qxc4 Nb6 20. Qb3 Qh5
21. Nc5 Qf7 22. a3 Bd8 23. Rfd1 Re8 24. Bd2 Nd7 25. Nxb7 Rb8 26. Nxd8 Rxd8 27.
Qc2 Bb7 28. b4 g5 29. Be3 h6 30. Qb3 Kg7 31. d5 exd5 32. exd5 Ne5 33. Bxa7 Rbc8
34. Bb6 Re8 35. Bc5 cxd5 36. Bxd5 Bxd5 37. Qxd5 Qh5 38. Kg2 g4 39. Rc3 Qh3+ 40.
Kg1 Nf3+ 41. Rxf3 gxf3 42. Qxf3 Rcd8 43. Rc1 Rd7 44. Qg2 Qe6 45. h4 Red8 46.
Kh2 Qb3 47. Qe4 Qxa3 48. Rc4 h5 49. Qe6 Rf7 50. Rf4 Qc1 51. Qe2 Qd1 52. Qxd1
Rxd1 53. Kg2 Rb1 54. Rf5 Kg6 55. Rd5 Rb3 56. Rd8 Kf5 57. Rb8 Rd7 58. Be3 Rd5
59. Rb6 Kg6 0-1

[Event "II. CLANSKA LIGA ZAHOD 2024"]
[Site "Komenda"]
[Date "2024.11.16"]
[Round "2.5"]
[White "Hrescak, Ivana"]
[Black "Pavlin, Damijan"]
[Result "1-0"]
[WhiteElo "2078"]
[BlackElo "1961"]
[PlyCount "67"]
[EventDate "2024.11.15"]
[WhiteTeam "SK POSTOJNA"]
[BlackTeam "SD GORENJKA LESCE"]

1. d4 Nf6 2. c4 e6 3. Nc3 d5 4. cxd5 exd5 5. Bg5 Be7 6. e3 c6 7. Qc2 Nbd7 8.
Bd3 h6 9. Bh4 Nh5 10. Bxe7 Qxe7 11. Nge2 O-O 12. O-O Re8 13. a3 Nhf6 14. Ng3
Nf8 15. Rac1 Bd7 16. Na4 Ng4 17. h3 Nxe3 18. fxe3 Qxe3+ 19. Kh2 Qxd4 20. Rcd1
Qe5 21. Qf2 Be6 22. Nc5 b5 23. Nxe6 Qxe6 24. Nf5 Qe5+ 25. Kh1 c5 26. Nxh6+ gxh6
27. Qxf7+ Kh8 28. Rf6 Qg5 29. Rdf1 Qg7 30. Qh5 Re6 31. Rxe6 Nxe6 32. Rf7 Qg5
33. Rh7+ Kg8 34. Qf7# 1-0

[Event "II. CLANSKA LIGA ZAHOD 2024"]
[Site "Komenda"]
[Date "2024.11.16"]
[Round "2.5"]
[White "Kelbl, Jakob"]
[Black "Pridigar, Lovro"]
[Result "1-0"]
[WhiteElo "1919"]
[BlackElo "2058"]
[PlyCount "73"]
[EventDate "2024.11.15"]
[WhiteTeam "SD GORENJKA LESCE"]
[BlackTeam "SK POSTOJNA"]

1. e4 c5 2. Nc3 d6 3. f4 Nc6 4. Nf3 g6 5. Bc4 Bg7 6. O-O Nf6 7. d3 O-O 8. Qe1
Na5 9. Bb3 Nxb3 10. axb3 e6 11. e5 dxe5 12. fxe5 Ng4 13. Ra4 f5 14. h3 Nh6 15.
Bg5 Qe8 16. Qh4 Nf7 17. Be7 Nxe5 18. Nxe5 Bxe5 19. Bxf8 Qxf8 20. Raa1 b6 21.
Rae1 Bd4+ 22. Kh1 Bd7 23. Ne4 Qg7 24. c3 Be5 25. Rf2 h6 26. Nd2 g5 27. Qh5 Bg3
28. Qf3 Bxf2 29. Qxa8+ Kh7 30. Re2 Bg3 31. Qxa7 g4 32. hxg4 Qxg4 33. Qxd7+ Kh8
34. Qe8+ Kh7 35. Nf3 Qf4 36. Rxe6 Qc1+ 37. Ng1 1-0

[Event "II. CLANSKA LIGA ZAHOD 2024"]
[Site "Komenda"]
[Date "2024.11.16"]
[Round "2.5"]
[White "Kaluza, Dominik"]
[Black "Lanjscek, Miha"]
[Result "1/2-1/2"]
[WhiteElo "1630"]
[BlackElo "1857"]
[PlyCount "35"]
[EventDate "2024.11.15"]
[WhiteTeam "SK POSTOJNA"]
[BlackTeam "SD GORENJKA LESCE"]

1. e4 c5 2. Nf3 d6 3. d4 cxd4 4. Nxd4 Nf6 5. Nc3 a6 6. h3 e5 7. Nb3 Be6 8. Be3
Be7 9. Bd3 Nbd7 10. Qe2 Rc8 11. O-O O-O 12. Rfd1 Qc7 13. Rac1 Nb6 14. Na5 Nbd7
15. Nb3 Nb6 16. Na5 Nbd7 17. Nb3 Nb6 18. Na5 1/2-1/2

[Event "II. CLANSKA LIGA ZAHOD 2024"]
[Site "Komenda"]
[Date "2024.11.16"]
[Round "2.5"]
[White "Primozic, Lovro"]
[Black "Markovcic, Gregor"]
[Result "1-0"]
[WhiteElo "1603"]
[BlackElo "1531"]
[PlyCount "37"]
[EventDate "2024.11.15"]
[WhiteTeam "SD GORENJKA LESCE"]
[BlackTeam "SK POSTOJNA"]

1. e4 d6 2. d4 Nf6 3. Nc3 g6 4. Be3 Bg7 5. Qd2 O-O 6. O-O-O Re8 7. h4 Ng4 8.
Bf4 Bd7 9. f3 Nf6 10. g4 h5 11. e5 Nh7 12. gxh5 dxe5 13. dxe5 gxh5 14. e6 fxe6
15. Bc4 Nf6 16. Bxe6+ Kh7 17. Nh3 Rf8 18. Ng5+ Kg6 19. Qd3+ 1-0